Southville International School and Colleges
Your cart is empty.
  • Cart
  • Lists
    Public lists Eva Luna New books Lux_list list_1
    Your lists Log in to create your own lists
  • Log in to your account
  • Your cookies
  • Search history
Southville International School and Colleges
  • Advanced search
  • Recent comments
  • Most popular
  • Libraries

Log in to your account

Log in with GOOGLE


If you do not have an external account, but do have a local account, you can still log in:

  1. Home
  2. MARC view: Tell me how? :
Normal view MARC view ISBD view

Tell me how? : (Record no. 305712)

[ view plain ]
MARC details
000 -LEADER
fixed length control field 00543nam a2200217Ia 4500
008 - FIXED-LENGTH DATA ELEMENTS--GENERAL INFORMATION
fixed length control field 170203s9999 xx 000 0 und d
020 ## - INTERNATIONAL STANDARD BOOK NUMBER
International Standard Book Number 0 753704420
050 ## - LIBRARY OF CONGRESS CALL NUMBER
Classification number 0 30
050 ## - LIBRARY OF CONGRESS CALL NUMBER
Item number T273 2001
245 ## - TITLE STATEMENT
Title Tell me how? :
245 ## - TITLE STATEMENT
Remainder of title answers to hundreds of questions /
260 ## - PUBLICATION, DISTRIBUTION, ETC. (IMPRINT)
Place of publication, distribution, etc London :
260 ## - PUBLICATION, DISTRIBUTION, ETC. (IMPRINT)
Name of publisher, distributor, etc Chancellor Press.
260 ## - PUBLICATION, DISTRIBUTION, ETC. (IMPRINT)
Date of publication, distribution, etc 2001
300 ## - PHYSICAL DESCRIPTION
Extent 207 pages :
300 ## - PHYSICAL DESCRIPTION
Dimensions 23 cm.
650 ## - SUBJECT ADDED ENTRY--TOPICAL TERM
Topical term or geographic name as entry element Children's encyclopedias and dictionaries.
650 ## - SUBJECT ADDED ENTRY--TOPICAL TERM
Topical term or geographic name as entry element Science --
650 ## - SUBJECT ADDED ENTRY--TOPICAL TERM
Topical term or geographic name as entry element Science.
650 ## - SUBJECT ADDED ENTRY--TOPICAL TERM
General subdivision Encyclopedias.
Holdings
Withdrawn status Lost status Damaged status Home library Current library Shelving location Date acquired Total Checkouts Full call number Barcode Date last seen Price effective from Koha item type
      Stonyhurst Southville International School (Batangas) Stonyhurst Southville International School (Batangas)   02/03/2017   Ref. 030 .T273 2001 LS- 2539 02/03/2017 02/03/2017 Books

Tell me how? :

APA

Tell me how?. London: .

Chicago

Tell me how?. London: .

Harvard

Tell me how?. London: .

MLA

London: . .

  • Place hold
  • Print
  • Cite
  • Add to your cart (remove)
  • Save record
    BIBTEX Dublin Core MARCXML MARC (non-Unicode/MARC-8) MARC (Unicode/UTF-8) MARC (Unicode/UTF-8, Standard) MODS (XML) RIS
  • More searches
    Search for this title in:
    Other Libraries (WorldCat) Other Databases (Google Scholar) Online Stores (Bookfinder.com) Open Library (openlibrary.org)

Exporting to Dublin Core...

SOUTHVILLE LIBRARY

Southville International School and Colleges Library

1281 Tropical Ave. Cor. Luxembourg St., BF Homes International, Las Pinas City

Tel. No. 8256374 / 252358 Loc. 117/146

Powered by Koha